Eliminación de anotaciones prontuariales y bancos de datos de organimos policiales /

Detalles Bibliográficos
Autor principal: González Yáñez, Claudio
Otros Autores: Pompilio Tejera, Alicia
Formato: Analitica de revista
Lenguaje:español

MARC

LEADER 00000cab a2200000 a 4500
001 038210
003 UAHC_CL
005 20170803124223.0
008 030915b xx j 000 1 spa
040 |a UAHC_CL  |c UAHC_CL  |d UAHC_CL 
100 1 |a González Yáñez, Claudio 
245 1 0 |a Eliminación de anotaciones prontuariales y bancos de datos de organimos policiales /  |c Claudio González Yáñez , Alicia Pompilio Tejera. 
300 |a [14] p. 
500 |a En: Revista de Estudios Criminológicos y Penitenciarios. -- No. 4 (Mayo 2002), p.131-144 
500 |a En: Revista de Estudios Criminológicos y Penitenciarios. -- No. 4 (Mayo 2002), p.131-144 
700 1 |a Pompilio Tejera, Alicia 
759 |a PP133 
773 0 |t Revista de filosofía  |w 040352 
900 |a R. E. CRIMI. PENIT-04/02 
942 |c REVA 
952 |0 0  |1 0  |4 0  |6 R___E__CRIMI__PENIT04_02_000000000000000  |7 0  |8 General  |9 72854  |a BC  |b BC  |c General  |d 2017-08-03  |l 0  |o R. E. CRIMI. PENIT-04/02  |p FICTICIO5640  |r 2019-01-08 00:00:00  |t 1  |w 2017-08-03  |y REVA 
999 |c 38210  |d 38210